| 000 | 00341nam a22001337a 4500 | ||
|---|---|---|---|
| 999 |
_c55028 _d55028 |
||
| 008 | 200205b ||||| |||| 00| 0 eng d | ||
| 041 | _aeng | ||
| 080 |
_2043.3 _a043.3 |
||
| 082 | _a043.3 | ||
| 100 | _a0 | ||
| 101 | _aBTH | ||
| 245 |
_aTatimi në Pronë Rast Studimi: Tatimi në Pronë në Komunën e Prizrenit _cQemi,A |
||
| 942 |
_2udc _cBK |
||